| 000 | 00626nam a22002057a 4500 | ||
|---|---|---|---|
| 003 | URS | ||
| 005 | 20250424172405.0 | ||
| 008 | 250424b |||||||| |||| 00| 0 eng d | ||
| 020 | _a9786214271443 | ||
| 040 | _cURS | ||
| 050 | _aFIL JC 273 .Sa551 2023 | ||
| 100 |
_4author _aSanchez, Remedios A. |
||
| 245 |
_aPhilippine politics and governance / _cRemedios A. Sanchez. |
||
| 260 |
_aManila, Philippines : _bUnlimited Books, _c2023 |
||
| 300 | _axii, 280 p ; 20 cm | ||
| 504 | _aIncludes bibliographical references. | ||
| 650 | _aPublic administration. | ||
| 650 | _aConstitutional law -- Philippines. | ||
| 942 |
_2lcc _cF |
||
| 999 |
_c82651 _d82650 |
||